An Ottoman century : the district of Jerusalem in the 1600s /
Main Author:
Format: Book
Language: English
Published:
Albany :
State University of New York Press,
c1996.
Series:
SUNY series in medieval Middle East history.
Subjects:
Tags: Add Tag
Call Number: DS109.92 .Z44 1996
| LEADER | 00969namaa2200289 4500 | ||
|---|---|---|---|
| 001 | 12817 | ||
| 003 | OSt | ||
| 005 | 20260223115519.0 | ||
| 008 | 130303s1996 nyu b 001 0 eng d | ||
| 010 | |a 95030362 | ||
| 020 | |a 0791429156 | ||
| 020 | |a 0791429164 | ||
| 040 | |c ARCE Library | ||
| 043 | |a awba--- |a awgz--- |a a-tu--- | ||
| 050 | 4 | |a DS109.92 .Z44 1996 | |
| 100 | 1 | |a Zeʼevi, Dror, |d 1953-, |e author |9 42654 | |
| 245 | 1 | 3 | |a An Ottoman century : |b the district of Jerusalem in the 1600s / |c Dror Ze'evi. |
| 264 | 1 | |a Albany : |b State University of New York Press, |c c1996. | |
| 300 | |a xii, 258 pages ; |c 24 cm. | ||
| 490 | 0 | |a SUNY series in medieval Middle East history. | |
| 500 | |a Originally presented as the author's thesis. | ||
| 504 | |a Includes bibliographical references (pages 237-247) and indexes. | ||
| 651 | 0 | |a Jerusalem |x History. | |
| 651 | 0 | |a Turkey |x History |y Ottoman Empire, 1288-1918. | |
| 901 | |a reviewed | ||
| 942 | |c BK |2 lcc | ||
| 999 | |c 11392 |d 11392 | ||
